Dreamville Roster - Statistics

General Stats
  • This quiz has been taken 69 times
  • The average score is 6 of 8
Answer Stats
Year Signed Artist % Correct
2007 J. Cole
96%
2017 J.I.D
96%
2014 Bas
91%
2017 EarthGang
84%
2015 Lute
70%
2015 Ari Lennox
66%
2014 Cozz
59%
2009 Omen
52%
No matching quizzes found
Score Distribution
Percent of People with Each Score
Percentile by Number Answered
Your Score History
You have not taken this quiz